Lady Gaga - Gypsy (Lyrics) - Statistics

General Stats
  • This quiz has been taken 7 times
  • The average score is 302 of 412
Answer Stats
Answer % Correct
a
100%
"And
100%
and
100%
And
100%
be
100%
Be
100%
gypsy
100%
gypsy,
100%
he
100%
I
100%
love
100%
me
100%
me?"
100%
me,
100%
me)
100%
my
100%
no
100%
So,
100%
So
100%
the
100%
to
100%
When
100%
but
86%
can
86%
for
86%
For
86%
I'm
86%
I'm,
86%
in
86%
just
86%
of
86%
see
86%
(See
86%
we
86%
you
86%
you,
86%
about
71%
alone
71%
"Baby,
71%
Baby,
71%
"'Cause
71%
'Cause
71%
could
71%
do
71%
don't
71%
end
71%
forever,
71%
forever
71%
friends
71%
front
71%
go
71%
has
71%
life
71%
Like
71%
on
71%
said
71%
Said
71%
said,
71%
Sometimes
71%
story
71%
that
71%
then
71%
together
71%
tonight
71%
Tonight!
71%
wanna
71%
world
71%
your
71%
family
57%
future
57%
goodbye
57%
have
57%
man,"
57%
man
57%
mother."
57%
own
57%
Pack
57%
road
57%
sense
57%
this
57%
took
57%
treat
57%
what
57%
whole
57%
why
57%
brick
43%
Does
43%
Dorothy
43%
each
43%
got
43%
Hey
43%
(Hey,
43%
hey,
43%
hey)
43%
it's
43%
It's
43%
Maybe
43%
other?"
43%
packed
43%
plans?
43%
think
43%
way
43%
with
43%
yellow
43%
Africa,
29%
American,
29%
asked
29%
at
29%
baggage,
29%
bags
29%
even
29%
everyone
29%
German,
29%
get
29%
home
29%
home,
29%
"Honey,
29%
(If
29%
Italian,
29%
left
29%
nowhere
29%
ruby
29%
Russia,
29%
shoes
29%
simple
29%
speak
29%
there
29%
thing
29%
wandering
29%
would
29%
Asian
14%
Finland,
14%
Hope
14%
India,
14%
Jakarta
14%
Latin-American
14%
makes
14%
Malaysia
14%
Norway
14%
Paris
14%
Someday
14%
spend
14%
Sweden,
14%
Thought
14%
try
14%
UK,
14%
won't
14%
you'll
14%
Australian,
0%
Bangkok,
0%
Bust
0%
chase
0%
day
0%
fire
0%
jets
0%
kompai
0%
little
0%
princess
0%
quick
0%
rear
0%
sunset
0%
up
0%
us
0%
view
0%
without
0%
No matching quizzes found
Score Distribution
Percent of People with Each Score
Percentile by Number Answered
Your Score History
You have not taken this quiz